Estadísticas para Primeros 5 Países Alfabéticamente por Continente

Haz click aquí para intentar la prueba.

Estadísticas generales

  • Esta prueba ha sido intentada 9.470 veces
  • La puntuación promedio es 21 de 30

Estadísticas de respuestas

ContinentePaís% Correcto
América del SurArgentina
96%
OceaníaAustralia
94%
América del SurBrasil
87%
EuropaAlemania
86%
América del SurBolivia
86%
América del SurColombia
86%
América del SurChile
84%
EuropaAlbania
83%
EuropaAndorra
83%
ÁfricaAngola
81%
ÁfricaArgelia
80%
América del NorteCanadá
77%
AsiaArmenia
75%
EuropaAustria
75%
América del NorteAntigua y Barbuda
73%
AsiaAfganistán
71%
AsiaAzerbaiyán
70%
América del NorteBelice
68%
EuropaBélgica
67%
América del NorteBarbados
65%
América del NorteBahamas
64%
OceaníaFiyi
63%
AsiaArabia Saudita
56%
ÁfricaBenín
53%
OceaníaIslas Marshall
53%
OceaníaIslas Salomón
53%
ÁfricaBotsuana
52%
ÁfricaBurkina Faso
39%
AsiaBangladés
36%
OceaníaEstados Federados de Micronesia
36%

Distribución de puntuación

Porcentaje por número respondido

Porcentaje de gente con cada puntuación

Historial de tus puntuaciones

No has intentado esta prueba.